| 000 | 00941nam a22002537a 4500 | ||
|---|---|---|---|
| 005 | 20240530110511.0 | ||
| 008 | 151101s2011 ua a g 000 0 ara d | ||
| 017 |
_a2011/9621 _bمصر . دار الكتب المصرية |
||
| 040 | _aEG-CaGPL | ||
| 082 | 0 | 4 |
_221 _a364.151\ _bأ هـ |
| 100 | 0 | _aايمن شرف . | |
| 245 | 1 | 2 |
_aالهولوكوست المعكوس : _bقصة قتل اليهود ل 80 الف المانى و تعذيب 3 ملايين اخرين / _cايمن شرف . |
| 250 | _aط1. | ||
| 260 |
_aالقاهرة : _bمكتبة جزيرة الورد ، _c2011 . |
||
| 300 |
_a112 ص ؛ _c24 سم . |
||
| 650 | 0 | 4 | _aالهولوكوست . |
| 650 | 0 | 4 | _aالجرائم الدولية . |
| 650 | 0 | 4 | _aالاغتيال . |
| 650 | 0 | 4 | _aجرائم القتل . |
| 650 | 0 | 4 | _aابادة الشعوب . |
| 650 | 0 | 4 | _aجرائم ضد الاسلام . |
| 942 |
_2ddc _cBK |
||
| 999 |
_c61670 _d61670 |
||